| 000 | 00896nam a22002177a 4500 | ||
|---|---|---|---|
| 005 | 20111202164438.0 | ||
| 010 | _aB-454794 | ||
| 020 |
_a9788179932001 _c185.00 |
||
| 035 | _aB-454794 | ||
| 037 |
_aBlue Berry/Ven _bDPL |
||
| 082 | _a590 | ||
| 100 |
_aSharma, Garima _945289 |
||
| 245 |
_a101 Facts Amazing Creatures / _cby Garima Sharma; edited by Pallavi Sah; illustrated by Neeraj Riddlan |
||
| 260 |
_aNew Delhi _bTeri Press _c2008 |
||
| 270 |
_aDarbari Seth Block, IHC Complex, Lodhi Road _bNew Delhi _e110003 |
||
| 300 |
_a46p. _bcol.ill _c28cm. (Hb) |
||
| 490 |
_a101 Facts _945290 |
||
| 942 |
_2ddc _cCH _mSHA _h590 |
||
| 999 |
_c58945 _d58945 |
||